Desigualdad social de la vejez: condiciones socioeconómicas de la tercera edad /
Guardado en:
| Hovedforfatter: | |
|---|---|
| Format: | Texto |
| Tags: |
Tilføj Tag
Ingen Tags, Vær først til at tagge denne postø!
|
MARC
| LEADER | 00000 a a2200000 04500 | ||
|---|---|---|---|
| 001 | 4831 | ||
| 003 | |||
| 040 | |||
| 100 | |a Conceiçao, Maria Cristina Gomes da | ||
| 245 | |a Desigualdad social de la vejez: |b condiciones socioeconómicas de la tercera edad / |c Maria Cristina Gomes da Conceiçao | ||
| 773 | |g número 14; páginas 13-15 | ||
| 999 | |c 19684 |d 19684 | ||
